000
00351pam a2200157a 44500
008
230515b1992 xxu||||| |||| 00| 0 eng d
020
_a
NULL
041
_a
ENGLISH
082
_a
N.D.
100
_a
Jagdish Lal
245
_a
Hydraulic Machines Fluidics
250
_a
0
260
_a
NULL
_b
Dr. Jagdish Lal
_c
1992
300
_a
585
650
_a
NULL
999
_c
575368
_d
575368